000 01003nam a22003257a 4500
003 CHAP
005 20220329134707.0
008 971013s1958 r 00010 d
010 _a24309
011 _a25281
035 _a29381
040 _cCHAP
090 _aFolleto 932
100 0 0 _aIngram, Vernon M.
_958360
245 _aHow do genes act?
260 _aSan Francisco :
_bFreeman,
_c1958
300 _a7 p.
_b: ilus
490 _aScientific American Offprints
_v; 104
500 _a"Reprinted from Scientific American, January 1958"
590 _aBATCH-UPD
_b10
_c20130109
_lUCH01
_h2345
590 _aBATCH-UPD
_b10
_c20130110
_lUCH01
_h1816
590 _aBATCH-UPD
_b10
_c20130410
_lUCH01
_h1150
590 _aBATCH-UPD
_b10
_c20130914
_lUCH01
_h1534
590 _aCONVERSION
_b10
_c20130109
_lUCH01
_h1314
650 1 4 _aGenética.
_947469
830 0 _aScientific American Offprints
_v; 104
_9103328
901 _aBK
942 _cFOLL
949 _aFolleto 932
_bBC
_cFOLL
_d-67933
_eTS1
_i29381
_si
999 _c24309
_d24309